[Event "Druzynowe Mistrzostwa Polski Juniorow - II liga"]
[Site "Sypniewo k. Jastowia"]
[Date "2024-06-17"]
[Round "2.93"]
[White "Wilman, Maciej"]
[Black "Smolinski, Wojciech"]
[Result "0-1"]
[WhiteTitle "II"]
[BlackTitle "I"]
[WhiteElo "1503"]
[BlackElo "1841"]

1. d4 Nf6 2. Bf4 d5 3. Nc3 a6 4. Nf3 e6 5. a3 c5 6. e3 Nc6 7. Be2 Be7 8. Ne5 O-O
9. O-O Nd7 10. Bg3 Ndxe5 11. dxe5 b5 12. Bf3 Qc7 13. Ne2 Rd8 14. c3 Nxe5 15. Nf4
Nxf3+ 16. Qxf3 Bd6 17. Rfd1 Bd7 18. Rac1 Bc6 19. Qg4 Bxf4 20. Bxf4 Qe7 21. Bg3
f6 22. h4 e5 23. Qe2 Qf7 24. Bh2 h5 25. Kf1 Qg6 26. b4 d4 27. cxd4 Qxg2+ 28. Ke1
Qxh2 29. Qxh5 exd4 0-1

[Event "Druzynowe Mistrzostwa Polski Juniorow - II liga"]
[Site "Sypniewo k. Jastowia"]
[Date "2024-06-17"]
[Round "3.1"]
[White "Frac, Piotr"]
[Black "Kusiak, Mateusz"]
[Result "0-1"]
[WhiteTitle "I"]
[BlackTitle "k"]
[WhiteElo "1900"]
[BlackElo "2120"]

1. e4 c5 2. Nf3 Nf6 3. e5 Nd5 4. Nc3 Nxc3 5. bxc3 d5 6. d4 h6 7. Bb5+ Bd7 8. Bxd7+
Qxd7 9. Ba3 Qa4 10. Qc1 e6 11. O-O Nd7 12. Qb2 b5 13. Qb3 Qa6 14. dxc5 Rb8 15.
Rfb1 Bxc5 16. Bxc5 Nxc5 17. Qb4 Qb6 18. Nd4 O-O 19. Qxb5 Qc7 20. Qc6 Qa5 21. Rxb8
Rxb8 22. Nb3 Qxc3 23. Qxc5 Rxb3 24. Qxc3 Rxc3 25. Rc1 g5 26. Kf1 Kg7 27. Ke2 Kg6
28. Kd2 Ra3 29. c4 Rxa2+ 30. Ke3 Ra3+ 31. Ke2 dxc4 32. Rxc4 Ra5 33. Kf3 Rxe5 34.
Rc7 Ra5 35. g4 h5 36. h3 Ra3+ 37. Ke4 h4 38. f3 f5+ 0-1

[Event "Druzynowe Mistrzostwa Polski Juniorow - II liga"]
[Site "Sypniewo k. Jastowia"]
[Date "2024-06-17"]
[Round "3.2"]
[White "Zieba, Hubert"]
[Black "Grech, Kacper"]
[Result "1-0"]
[WhiteTitle "I+"]
[BlackTitle "II+"]
[WhiteElo "2012"]
[BlackElo "1822"]

1. e4 c5 2. Nf3 g6 3. c3 Bg7 4. d4 cxd4 5. cxd4 d5 6. e5 Bg4 7. Bb5+ Nd7 8. Nbd2
Nh6 9. O-O O-O 10. h3 Bxf3 11. Nxf3 a6 12. Bd3 e6 13. Bg5 f6 14. exf6 Nxf6 15.
Qb3 b5 16. a4 Qb6 17. Rfe1 Nf5 18. axb5 axb5 19. Rxa8 Rxa8 20. Bxf5 gxf5 21. Bxf6
Bxf6 22. Qe3 Ra4 23. Qh6 Bg7 24. Qh5 Qd6 25. Ng5 Rxd4 26. Qxh7+ 1-0

[Event "Druzynowe Mistrzostwa Polski Juniorow - II liga"]
[Site "Sypniewo k. Jastowia"]
[Date "2024-06-17"]
[Round "3.3"]
[White "Dobrowolski, Kamil"]
[Black "Futyma, Dawid"]
[Result "1/2-1/2"]
[WhiteTitle "II+"]
[BlackTitle "I"]
[WhiteElo "1801"]
[BlackElo "1866"]

1. e4 e6 2. d4 d5 3. Nd2 Nf6 4. e5 Nfd7 5. f4 c5 6. c3 Qb6 7. Ndf3 Nc6 8. a3 a5
9. b3 cxd4 10. cxd4 Be7 11. g3 f6 12. Bd3 O-O 13. Bc2 Qa7 14. Qd3 f5 15. g4 Qa6
16. gxf5 Qxd3 17. Bxd3 exf5 18. Ne2 Nb6 19. Nc3 Be6 20. Bb2 Rfc8 21. Ke2 Na7 22.
Rhc1 h6 23. Rc2 Kf7 24. h4 Bd7 25. Rg1 Nb5 26. e6+ Kxe6 27. Rxg7 Bf6 28. Rg6 Kf7
29. h5 Bxd4 30. Nxb5 Rxc2+ 31. Bxc2 Bxb5+ 32. Bd3 1/2-1/2

[Event "Druzynowe Mistrzostwa Polski Juniorow - II liga"]
[Site "Sypniewo k. Jastowia"]
[Date "2024-06-17"]
[Round "3.4"]
[White "Panasiuk, Stanislaw"]
[Black "Sakharchuk, Aliaksandr"]
[Result "0-1"]
[WhiteTitle "II"]
[BlackTitle "I"]
[WhiteElo "1445"]
[BlackElo "1711"]

1. e4 e6 2. d4 d5 3. exd5 exd5 4. Bd3 c5 5. dxc5 Bxc5 6. Nf3 Nf6 7. O-O O-O 8.
Nc3 h6 9. Bf4 Nc6 10. Bb5 Bg4 11. Qd3 Nb4 12. Qd2 Bxf3 13. gxf3 d4 14. Ne2 a6
15. Ba4 Nbd5 16. Bg3 Ne7 17. Be5 Nh7 18. Bxd4 Ng5 19. Qe3 Nf5 20. Bf6 Nxe3 21.
Bxd8 Nxf3+ 22. Kh1 Nxf1 23. Bc7 N1d2 24. Bf4 b5 25. Bb3 Nxb3 26. axb3 Rfe8 27.
Nc3 Re1+ 28. Rxe1 Nxe1 29. Ne4 Be7 30. c4 Rd8 31. c5 f5 32. Nd6 Bxd6 33. Bxd6
f4 34. Kg1 f3 35. h4 Kf7 36. Kh2 Ke6 37. Kg3 Rxd6 38. cxd6 Kxd6 39. Kf4 g5+ 40.
hxg5 hxg5+ 41. Kxg5 Ke5 42. Kg4 Ke4 43. Kg5 Nd3 44. b4 Nxf2 45. Kh6 Nd3 46. b3
f2 47. Kh7 f1=Q 48. Kh8 Qg2 49. Kh7 Qg5 50. Kh8 Kf5 51. Kh7 Kf6 52. Kh8 Qg7# 0-1

[Event "Druzynowe Mistrzostwa Polski Juniorow - II liga"]
[Site "Sypniewo k. Jastowia"]
[Date "2024-06-17"]
[Round "3.5"]
[White "Popczynska, Maja"]
[Black "Tokarz, Izabela"]
[Result "1/2-1/2"]
[WhiteTitle "I+"]
[BlackTitle "k"]
[WhiteElo "1812"]
[BlackElo "1966"]

1. e4 c5 2. Nf3 e6 3. d4 cxd4 4. Nxd4 a6 5. Bd3 b5 6. O-O Bb7 7. Nc3 Qb6 8. Nb3
Qc7 9. Be3 Nf6 10. Nd2 Be7 11. f4 d6 12. Qe1 Ng4 13. Kh1 Nxe3 14. Qxe3 b4 15.
Ne2 Nd7 16. Qg3 Bf6 17. Rab1 Rc8 18. Nb3 h5 19. h3 h4 20. Qf2 Rh5 21. Ned4 Nc5
22. Qe2 Rh6 23. Nxc5 dxc5 24. e5 cxd4 25. exf6 Rxf6 26. Qg4 Qc6 27. Rf2 Kf8 28.
Qxh4 Rh6 29. Qg4 Ke7 30. Kh2 Kf8 31. Re1 Qd6 32. Kg1 Rc5 33. Rfe2 f5 34. Qg3 Kf7
35. Qg5 Qd5 36. Re5 Qc6 37. Rxf5+ Rxf5 38. Bxf5 Qb6 39. Kh2 Qd6 40. Bg4 Rf6 41.
Qe5 Qxe5 42. fxe5 Rf2 43. Re2 Rxe2 44. Bxe2 Kg6 45. Bd3+ Kg5 46. g3 a5 47. Kg1
a4 48. a3 bxa3 49. bxa3 Bd5 50. Kf2 Bc6 51. h4+ Kg4 52. Bg6 Bb5 53. Be4 Be8 54.
Bd3 Bc6 55. Bg6 Bb5 56. Bd3 Bc6 57. Bg6 Bb5 1/2-1/2

[Event "Druzynowe Mistrzostwa Polski Juniorow - II liga"]
[Site "Sypniewo k. Jastowia"]
[Date "2024-06-17"]
[Round "3.6"]
[White "Tokarz, Gabriela"]
[Black "Popczynska, Michalina"]
[Result "1-0"]
[WhiteTitle "I++"]
[BlackTitle "I"]
[WhiteElo "1911"]
[BlackElo "1857"]

1. d4 Nf6 2. c4 e6 3. Nf3 c5 4. d5 exd5 5. cxd5 d6 6. Nc3 g6 7. h3 Bg7 8. Bf4 a6
9. a4 O-O 10. e3 Re8 11. Bd3 Qe7 12. Nd2 Nh5 13. Bh2 Nd7 14. Be2 Qg5 15. O-O Bxc3
16. bxc3 Qxd5 17. Nc4 Nhf6 18. Nxd6 Re7 19. Bf3 Qxd1 20. Rfxd1 Nf8 21. Rdb1 Be6
22. Nxb7 Rc8 23. Nd6 Rd8 24. Rb6 Ra7 25. Nb7 Rc8 26. c4 N8d7 27. Rbb1 Ne8 28.
Na5 Kf8 29. Bb7 Rd8 30. Nc6 Rxb7 31. Rxb7 Rc8 32. Na5 Ke7 33. Bg3 Nd6 34. Bxd6+
Kxd6 35. Rd1+ Ke7 36. Ra7 h5 37. Rxa6 Ne5 38. Ra7+ Kf8 39. Rc1 Nd3 40. Rc3 Nb2
41. Nb7 Nxc4 42. Rxc4 Bxc4 43. Nd6 Rd8 44. Nxc4 Rd1+ 45. Kh2 Rc1 46. Nb6 c4 47.
Rc7 c3 48. Nd5 c2 49. Nb4 Ra1 50. Nxc2 Rxa4 51. Nd4 Ra2 52. Kg3 g5 53. Rc5 h4+
54. Kf3 f6 55. Rf5 Ke7 56. g3 hxg3 57. Kxg3 Ra3 58. Rb5 Kf7 59. Nf5 Kg6 60. f3
1-0

[Event "Druzynowe Mistrzostwa Polski Juniorow - II liga"]
[Site "Sypniewo k. Jastowia"]
[Date "2024-06-17"]
[Round "3.7"]
[White "Jendrowiak, Maciej"]
[Black "Rekuc, Patryk"]
[Result "0-1"]
[WhiteTitle "I"]
[BlackTitle "I+"]
[WhiteElo "2049"]
[BlackElo "2076"]

1. e4 c5 2. Nf3 d6 3. d4 cxd4 4. Nxd4 Nf6 5. f3 e5 6. Nb3 d5 7. Bg5 d4 8. c3 Nc6
9. cxd4 Bb4+ 10. Bd2 Nxe4 11. Bxb4 Qh4+ 12. g3 Nxg3 13. hxg3 Qxh1 14. Bc5 Bh3
15. N1d2 O-O-O 16. Qc2 exd4 17. O-O-O Bxf1 18. Rxf1 Qh6 19. Bxa7 Qg6 20. Qxg6
hxg6 21. Bc5 Rh2 22. Nc4 d3 23. Kb1 f6 24. Rd1 Rh3 25. a4 Ne5 26. Nb6+ Kb8 27.
Nd4 Rxg3 28. Nb5 Nf7 29. Nc4 Kc8 30. Nbd6+ Rxd6 31. Bxd6 Rxf3 32. Nb6+ Kd8 33.
Bf8 Ne5 34. Nd5 Ke8 35. Bxg7 Ng4 36. Rg1 Kf7 37. Rxg4 Rf1+ 38. Ka2 d2 39. Nc3
Kxg7 40. Rd4 Rf2 41. Ne4 Rf4 42. Rd7+ Kh6 43. Nc3 g5 44. Rxd2 g4 45. Kb3 f5 46.
Nd5 Rf3+ 47. Kc4 f4 48. Kd4 g3 49. Nf6 Rf1 50. Ne4 Kh5 51. Ke5 Kg4 52. Nf6+ Kh3
53. Nh5 f3 54. Nf4+ Kg4 55. Rd4 f2 56. Kf6 Ra1 57. Ng2+ Kf3 58. Nh4+ Ke2 59. Re4+
Kd3 0-1

[Event "Druzynowe Mistrzostwa Polski Juniorow - II liga"]
[Site "Sypniewo k. Jastowia"]
[Date "2024-06-17"]
[Round "3.8"]
[White "Krol, Jan"]
[Black "Wierzbicki, Dawid"]
[Result "1/2-1/2"]
[WhiteTitle "I+"]
[BlackTitle "I"]
[WhiteElo "2002"]
[BlackElo "1948"]

1. e4 c5 2. Nf3 Nc6 3. d4 cxd4 4. Nxd4 Nf6 5. Nc3 g6 6. Nxc6 dxc6 7. Qxd8+ Kxd8
8. Bf4 Bg7 9. O-O-O Nd7 10. Bc4 b5 11. Bb3 a5 12. e5 e6 13. a4 b4 14. Ne4 Kc7
15. Ng5 Nc5 16. Be3 Bh6 17. Nxf7 Bxe3+ 18. fxe3 Rf8 19. Rhf1 Ba6 20. Rf4 Rae8
21. Nd6 Rd8 22. h4 h6 23. Rd2 g5 24. hxg5 hxg5 25. Rg4 Rd7 26. Rgd4 Rh7 27. Bc4
Rh1+ 28. Rd1 Rxd1+ 29. Rxd1 Bxc4 30. Nxc4 Rf2 31. g4 Rg2 32. Nxa5 Rxg4 33. b3
Ne4 34. Kb2 c5 35. Nc4 Nc3 36. Ra1 Kb7 37. Nd6+ Ka6 38. a5 Rh4 39. Ne8 Rh7 40.
Nf6 Rg7 41. Ne8 Rd7 42. Nf6 Rd2 43. Ne8 Nb5 44. Ng7 Na3 45. Rc1 c4 46. bxc4 Nxc4+
47. Kb3 Nxe5 48. Nxe6 Nc6 49. Nxg5 Re2 50. e4 Kb5 51. a6 Nd4+ 1/2-1/2

[Event "Druzynowe Mistrzostwa Polski Juniorow - II liga"]
[Site "Sypniewo k. Jastowia"]
[Date "2024-06-17"]
[Round "3.9"]
[White "Oles, Mateusz"]
[Black "Chomicki, Kornel"]
[Result "1-0"]
[WhiteTitle "I"]
[BlackTitle "II+"]
[WhiteElo "1771"]
[BlackElo "1613"]

1. e4 e5 2. Nc3 Nc6 3. Bc4 Nf6 4. d3 Bc5 5. f4 d6 6. Nf3 Bg4 7. Na4 Bb6 8. Nxb6
axb6 9. c3 Na5 10. Bb5+ c6 11. Ba4 b5 12. Bc2 b6 13. d4 Bxf3 14. Qxf3 Qe7 15.
O-O c5 16. dxe5 dxe5 17. fxe5 Qxe5 18. Bf4 Qe6 19. e5 Nd5 20. Rfd1 Rd8 21. Bg5
f6 22. exf6 O-O 23. Qh5 Nxf6 24. Bxf6 Rxd1+ 25. Rxd1 h6 26. Qg6 Qxf6 27. Qh7+
Kf7 28. Rf1 1-0

[Event "Druzynowe Mistrzostwa Polski Juniorow - II liga"]
[Site "Sypniewo k. Jastowia"]
[Date "2024-06-17"]
[Round "3.10"]
[White "Dunda, Szymon"]
[Black "Seemann, Adam"]
[Result "1/2-1/2"]
[WhiteTitle "II"]
[BlackTitle "II"]
[WhiteElo "1548"]
[BlackElo "1596"]

1. e4 c5 2. Nf3 Nc6 3. d4 cxd4 4. Nxd4 g6 5. Nc3 Bg7 6. Be3 Nf6 7. Bc4 O-O 8. Bb3
d6 9. f3 Bd7 10. Qd2 Rc8 11. O-O-O Nxd4 12. Bxd4 b5 13. h4 a5 14. e5 dxe5 15.
Bxe5 Bc6 16. Qe3 Qe8 17. Nd5 Nxd5 18. Bxd5 Bxd5 19. Rxd5 Qc6 20. Rd2 Bxe5 21.
Qxe5 Qc5 22. Qe4 Qc4 23. Qxc4 Rxc4 24. b3 Rc5 25. Re1 e6 26. Kb2 Rfc8 27. Red1
Kg7 28. Rc1 Kf6 29. c3 R8c7 30. Rd3 h5 1/2-1/2

[Event "Druzynowe Mistrzostwa Polski Juniorow - II liga"]
[Site "Sypniewo k. Jastowia"]
[Date "2024-06-17"]
[Round "3.11"]
[White "Seemann, Pola"]
[Black "Szczotka, Matylda"]
[Result "1-0"]
[WhiteTitle "k"]
[BlackTitle "I"]
[WhiteElo "1935"]
[BlackElo "1670"]

1. e4 e5 2. Nf3 Nc6 3. Bc4 Bc5 4. c3 Nf6 5. d3 d6 6. O-O h6 7. Re1 O-O 8. Bb3 Bb6
9. h3 Re8 10. Nbd2 Ne7 11. Nf1 Ng6 12. Ng3 Bd7 13. d4 Bc6 14. Bc2 a6 15. h4 Qc8
16. h5 Nf8 17. Nh4 Qg4 18. Qxg4 Nxg4 19. Bd1 Nf6 20. d5 Bd7 21. Nhf5 N8h7 22.
Be3 Bxe3 23. Nxe3 Ng5 24. f3 Rab8 25. c4 b6 26. Kf2 Kf8 27. Rh1 Rec8 28. Rc1 Be8
29. Ngf5 Nd7 30. Bc2 a5 31. a3 Nc5 32. b4 Nd7 33. Ba4 Nf6 34. Bxe8 Nxe8 35. bxa5
bxa5 36. Rb1 a4 37. Rb4 Rxb4 38. axb4 Ra8 39. Ra1 Nf6 40. Ng3 Nd7 41. Ra3 Nh7
42. Ne2 Nhf6 43. g4 Nb6 44. Nc3 Nfd7 45. Ke2 g6 46. Kd3 Ke7 47. Nb5 Kd8 48. Rc3
Rb8 49. Na7 Ra8 50. Nc6+ Ke8 51. c5 dxc5 52. bxc5 Nc8 53. Kc4 a3 54. Rc1 a2 55.
Ra1 Ra3 56. Nc2 Rxf3 57. Rxa2 Nf6 58. Ra8 Nxe4 59. Rxc8+ Kd7 60. Rd8# 1-0

[Event "Druzynowe Mistrzostwa Polski Juniorow - II liga"]
[Site "Sypniewo k. Jastowia"]
[Date "2024-06-17"]
[Round "3.12"]
[White "Saliuk, Maryia"]
[Black "Pierchala, Anna"]
[Result "1-0"]
[WhiteTitle "I"]
[BlackTitle "III"]
[WhiteElo "1503"]
[BlackElo "1574"]

1. e4 e5 2. Bc4 Nf6 3. d3 Nc6 4. Nc3 Ne7 5. Nf3 d6 6. h3 h6 7. Nh4 a6 8. Bb3 b5
9. Bd2 c5 10. a4 b4 11. Ne2 a5 12. Bc4 Bd7 13. Ng3 g6 14. O-O Bg7 15. Qc1 d5 16.
exd5 Nexd5 17. Nf3 Qc7 18. Re1 Nb6 19. Nxe5 Nxc4 20. Nxc4+ Kf8 21. Bf4 Qc6 22.
Rb1 Qd5 23. Nb6 Qb7 24. Nxa8 Qxa8 25. Qe3 Be6 26. Be5 Nd5 27. Bxg7+ Kxg7 28. Qe5+
Kh7 29. Ne4 Re8 30. Nf6+ Nxf6 31. Qxf6 h5 32. Re5 Kh6 33. g4 hxg4 34. hxg4 Bxg4
35. Rbe1 Bh3 36. Qh4+ Kg7 37. Qxh3 Rh8 38. Qg2 Qb8 39. R5e3 Qc8 40. Rg3 Qf5 41.
Re7 Qf4 42. Ree3 c4 43. Rgf3 Qd4 44. Re7 Qxb2 45. Rfxf7+ Kh6 46. Qh3+ Kg5 47.
f4# 1-0

[Event "Druzynowe Mistrzostwa Polski Juniorow - II liga"]
[Site "Sypniewo k. Jastowia"]
[Date "2024-06-17"]
[Round "3.13"]
[White "Paprocki, Antoni"]
[Black "Lechowski, Witold"]
[Result "1-0"]
[WhiteTitle "k"]
[BlackTitle "I+"]
[WhiteElo "2164"]
[BlackElo "2014"]

1. d4 Nf6 2. c4 g6 3. Nf3 Bg7 4. Nc3 d5 5. Bg5 Ne4 6. Bf4 c6 7. Qb3 O-O 8. cxd5
Qa5 9. Bxb8 Rxb8 10. dxc6 bxc6 11. Qxb8 Nxc3 12. b4 Qa3 13. Qf4 Qxb4 14. Qd2 Qa3
15. e3 Ne4 16. Qc1 Qa5+ 17. Nd2 c5 18. Bd3 Nd6 19. O-O cxd4 20. exd4 Bb7 21. Nf3
Bxf3 22. gxf3 Bxd4 23. Rb1 Qd5 24. Rb3 Qh5 25. Kg2 Rc8 26. Qd2 Qh4 27. h3 Be5
28. Rb4 Qf6 29. Ra4 Kg7 30. f4 Bc3 31. Qe3 Rc7 32. Rb1 a5 33. Rb8 Rc8 34. Rb6
Rc7 35. Rb8 Rc8 36. Rxc8 Nxc8 37. Rc4 Nd6 38. Rc7 Bd4 39. Qf3 Ne8 40. Rc6 Nd6
41. Ra6 Bc3 42. Ra7 e6 43. Ra8 Bb4 44. Qe3 Bc3 45. Qc5 Bb4 46. Qe5 Qxe5 47. fxe5
Nb7 48. Bc2 1-0

[Event "Druzynowe Mistrzostwa Polski Juniorow - II liga"]
[Site "Sypniewo k. Jastowia"]
[Date "2024-06-17"]
[Round "3.14"]
[White "Czak, Dominik"]
[Black "Herka, Jakub"]
[Result "1/2-1/2"]
[WhiteTitle "I"]
[BlackTitle "I"]
[WhiteElo "1739"]
[BlackElo "1796"]

1. d4 Nf6 2. c4 e6 3. Nf3 d5 4. g3 Be7 5. Bg2 O-O 6. O-O dxc4 7. Nbd2 b5 8. a4
c6 9. Ne5 Nd5 10. Nb1 Bb7 11. b3 cxb3 12. Qxb3 b4 13. a5 Na6 14. Bb2 Rc8 15. Rd1
Qc7 16. Nd2 c5 17. e3 Rfd8 18. Rdc1 Nc3 19. Bxc3 Bxg2 20. Kxg2 bxc3 21. Rxc3 Rb8
22. Qd1 Qb7+ 23. Qf3 cxd4 24. exd4 Rxd4 25. Qxb7 Rxb7 26. Ndf3 Rd8 27. Nc6 Re8
28. Nxe7+ Rbxe7 29. Rb1 g6 30. Nd2 Kg7 31. Rc6 Nb8 32. Rc5 Rd7 33. Nf3 Red8 34.
Rcb5 Na6 35. Rb7 Rxb7 36. Rxb7 Rd5 37. Rxa7 Rxa5 38. h4 h6 39. Nd4 Rd5 40. Nxe6+
Kf6 41. Nc7 Ke5 1/2-1/2

[Event "Druzynowe Mistrzostwa Polski Juniorow - II liga"]
[Site "Sypniewo k. Jastowia"]
[Date "2024-06-17"]
[Round "3.15"]
[White "Bednarek, Jan"]
[Black "Pelczarski, Wojciech"]
[Result "1/2-1/2"]
[WhiteTitle "I"]
[BlackTitle "II+"]
[WhiteElo "1786"]
[BlackElo "1663"]

1. e4 d5 2. exd5 Qxd5 3. Nf3 Nf6 4. d4 e6 5. c4 Qd8 6. Nc3 Be7 7. Be2 O-O 8. O-O
Nbd7 9. Be3 b6 10. Qc2 Bb7 11. Rfd1 Re8 12. Rac1 a6 13. a3 Qc8 14. b4 a5 15. c5
axb4 16. axb4 Nd5 17. Nxd5 Bxd5 18. Ra1 Bf6 19. c6 Nf8 20. Ne5 Bxe5 21. dxe5 Ng6
22. Qc3 Nh4 23. f3 Nf5 24. Bf2 Qd8 25. Rxa8 Qxa8 26. b5 Qb8 27. Bd3 Ne7 28. Bg3
Ng6 29. h4 Qd8 30. h5 Qg5 31. hxg6 Qxg3 32. gxf7+ Kxf7 33. Qe1 Qxe1+ 34. Rxe1
Ra8 35. Rd1 Ra5 36. Kf2 Ra2+ 37. Kg3 Rb2 38. Ra1 Ra2 39. Rd1 Bb3 40. Rb1 Bd5 41.
Rb4 g6 42. Rd4 Ra5 43. Rb4 Ra3 44. Be4 h6 45. Rd4 Rb3 46. Bxd5 exd5 47. Rxd5 Ke6
48. Rd7 Rxb5 49. f4 g5 50. Rxc7 gxf4+ 51. Kxf4 Rb4+ 52. Kf3 Kxe5 53. Rh7 Rf4+
54. Ke3 Rf6 55. c7 Rc6 56. Rxh6 Rxc7 57. Rxb6 Rc3+ 58. Kf2 Kf4 59. Rb4+ Kf5 60.
g3 Kf6 61. Kg2 Kg7 62. Kh3 Rc8 63. g4 Kg8 64. Kh4 Rd8 65. Kh5 Rd5+ 66. g5 Rd8
67. Rb6 Re8 68. Kg6 Rd8 69. Re6 Rc8 70. Kh6 Rd8 71. g6 Rc8 72. Re7 Rd8 73. Rg7+
Kh8 74. Rc7 Kg8 75. Rc6 Re8 76. Rf6 Rd8 77. g7 Re8 78. Kg6 Rd8 79. Rf3 Rd6+ 80.
Rf6 Rd8 81. Rf4 Rd6+ 82. Kg5 Kxg7 83. Rf2 Rg6+ 84. Kh4 Rh6+ 85. Kg3 Rg6+ 86. Kh2
Rh6+ 87. Kg1 Rg6+ 88. Rg2 Rxg2+ 89. Kxg2 1/2-1/2

[Event "Druzynowe Mistrzostwa Polski Juniorow - II liga"]
[Site "Sypniewo k. Jastowia"]
[Date "2024-06-17"]
[Round "3.16"]
[White "Krawczyk, Eryk"]
[Black "Zawisza, Alan"]
[Result "1-0"]
[WhiteTitle "II"]
[BlackTitle "II"]
[WhiteElo "1528"]
[BlackElo "1755"]

1. Nf3 Nf6 2. d4 g6 3. c4 Bg7 4. Nc3 O-O 5. e4 d6 6. Be3 e5 7. dxe5 dxe5 8. Bd3
Nbd7 9. O-O Ng4 10. Bg5 f6 11. Bh4 g5 12. Bg3 c6 13. Bc2 h5 14. h3 Nh6 15. Qe2
Nc5 16. Rad1 Qe8 17. Rd2 Ne6 18. Rfd1 Qg6 19. c5 Kh7 20. b4 h4 21. Bh2 g4 22.
Nxh4 Qg5 23. Bg3 Nf4 24. Qe3 gxh3 25. Nf3 Qh5 26. Bxf4 Ng4 27. Qe2 exf4 28. e5+
Kh6 29. Qe4 h2+ 30. Kh1 f5 31. Qxf4+ Kh7 32. Ng5+ Kh8 33. Rd3 Bxe5 34. Qd2 f4
35. Rd8 Bf5 36. Rxa8 Rxa8 37. Bxf5 Qxg5 38. Bxg4 Qxg4 39. Qe2 Qf5 40. Ne4 Rg8
41. Nd6 Bxd6 42. Rxd6 Qg5 43. Qb2+ Rg7 44. f3 Kh7 45. Qc2+ Kh8 46. Qd2 Qh4 47.
Rd8+ Kh7 48. Rd7 Rxd7 49. Qxd7+ Kg6 50. Qe6+ Qf6 51. Qxf6+ Kxf6 52. Kxh2 Ke5 53.
g3 b6 54. g4 Kf6 55. Kg2 b5 56. Kf2 Kg5 57. Ke2 Kh4 58. Kd3 Kg5 59. Ke4 a6 60.
a3 1-0

[Event "Druzynowe Mistrzostwa Polski Juniorow - II liga"]
[Site "Sypniewo k. Jastowia"]
[Date "2024-06-17"]
[Round "3.19"]
[White "Podgorski, Jakub"]
[Black "Nawrocki, Michal"]
[Result "0-1"]
[WhiteTitle "II"]
[BlackTitle "I"]
[WhiteElo "1685"]
[BlackElo "1771"]

1. d4 d5 2. c4 c6 3. Nf3 Nf6 4. Nc3 e6 5. e3 Nbd7 6. Qc2 Bd6 7. b3 O-O 8. Bb2 dxc4
9. Bxc4 e5 10. Rd1 Qe7 11. dxe5 Nxe5 12. Nxe5 Bxe5 13. Ne2 Bxb2 14. Qxb2 Qb4+
15. Qc3 Qxc3+ 16. Nxc3 Bf5 17. Bd3 Be6 18. Ke2 Rad8 19. Rd2 Rd7 20. Rhd1 Rfd8
21. f3 b6 22. h3 Kf8 23. f4 g6 24. Be4 Rxd2+ 25. Rxd2 Rxd2+ 26. Kxd2 Nxe4+ 27.
Nxe4 Bd5 28. Kd3 f5 29. Nf6 Bxg2 30. Nxh7+ Ke7 31. h4 Bd5 32. Kd4 Bg8 33. Ng5
Kd6 34. Nf3 c5+ 35. Kd3 Bf7 36. Ne5 Be8 37. e4 fxe4+ 38. Kxe4 b5 39. a3 a5 40.
a4 bxa4 41. bxa4 Bxa4 42. Nc4+ Ke6 43. Nxa5 Bc2+ 44. Kf3 Kf5 45. Nc4 Be4+ 46.
Kg3 Bd3 47. Ne5 c4 48. Kf3 Be4+ 49. Ke3 c3 50. Nc4 c2 51. Kd2 Kxf4 52. Na5 Kg4
53. Nb3 Kxh4 54. Ke2 Kg3 0-1

[Event "Druzynowe Mistrzostwa Polski Juniorow - II liga"]
[Site "Sypniewo k. Jastowia"]
[Date "2024-06-17"]
[Round "3.20"]
[White "Garwacki, Kornel"]
[Black "Klisowski, Bartosz"]
[Result "0-1"]
[WhiteTitle "I"]
[BlackTitle "I+"]
[WhiteElo "1844"]
[BlackElo "1864"]

1. e4 c5 2. c4 Nc6 3. Nc3 g6 4. g3 Bg7 5. Bg2 e6 6. Nge2 Nge7 7. O-O O-O 8. a3
d6 9. Rb1 a5 10. d3 Nd4 11. Bg5 Bd7 12. h3 Bc6 13. Kh2 Qc7 14. Nxd4 cxd4 15. Ne2
a4 16. Rc1 b6 17. Qe1 Ra5 18. Bd2 Raa8 19. Bg5 Ra5 20. Bd2 Raa8 21. f3 e5 22.
Bb4 Bd7 23. Rc2 Rab8 24. Nc1 Nc6 25. Na2 Nd8 26. Bd2 Ne6 27. Nb4 Nc5 28. Qe2 Be6
29. Bc1 Qd7 30. Rd2 b5 31. cxb5 Qxb5 32. Rdd1 Bb3 33. Rde1 Rfc8 34. Bd2 Rc7 35.
h4 Na6 36. Nxa6 Qxa6 37. f4 Bc2 38. Rf3 Rb3 39. Bf1 Rxb2 40. f5 Bb3 41. fxg6 hxg6
42. Kg1 Rcc2 43. Rd1 Bh6 44. Rxf7 0-1

[Event "Druzynowe Mistrzostwa Polski Juniorow - II liga"]
[Site "Sypniewo k. Jastowia"]
[Date "2024-06-17"]
[Round "3.21"]
[White "Kiszkiel, Oskar"]
[Black "Nowicki, Franciszek"]
[Result "1-0"]
[WhiteTitle "I"]
[BlackTitle "II"]
[WhiteElo "1741"]
[BlackElo "1758"]

1. e4 c5 2. Nf3 e6 3. d4 cxd4 4. Nxd4 a6 5. c4 Nf6 6. Nc3 Qc7 7. Be2 Be7 8. Be3
d6 9. Rc1 Nbd7 10. O-O b6 11. f4 Bb7 12. Bf3 O-O 13. f5 e5 14. Nd5 Qd8 15. Ne2
Bxd5 16. cxd5 Nc5 17. Nc3 Rc8 18. b4 Ncd7 19. Qd3 Nb8 20. b5 a5 21. Na4 Rxc1 22.
Rxc1 Nfd7 23. Bf2 Nc5 24. Bxc5 dxc5 25. Nb2 Bd6 26. Nc4 Qc7 27. f6 g6 28. Bg4
Rd8 29. Rd1 Nd7 30. Bxd7 Rxd7 31. Qh3 Qd8 32. Nxb6 Rb7 33. Qc8 Qxc8 34. Nxc8 Bf8
35. d6 Rd7 36. b6 c4 37. b7 Rxb7 38. d7 Rxd7 39. Rxd7 1-0

[Event "Druzynowe Mistrzostwa Polski Juniorow - II liga"]
[Site "Sypniewo k. Jastowia"]
[Date "2024-06-17"]
[Round "3.22"]
[White "Kurczewski, Borys"]
[Black "Janeczek, Maksymilian"]
[Result "0-1"]
[WhiteTitle "II"]
[BlackTitle "II"]
[WhiteElo "1508"]
[BlackElo "1570"]

1. e4 c5 2. Nf3 e6 3. c3 d5 4. exd5 Qxd5 5. d4 Nf6 6. Be3 cxd4 7. Bxd4 Be7 8. Be2
O-O 9. O-O b6 10. Nbd2 Ba6 11. Bxa6 Nxa6 12. Re1 h6 13. Qc2 Rac8 14. Qa4 Qb7 15.
b4 Nd5 16. Qb3 Nb8 17. Ne5 Nc6 18. Nxc6 Rxc6 19. Nf3 Rfc8 20. b5 R6c7 21. Rec1
Nf4 22. Kf1 Qe4 23. Qc2 Qd5 24. Rd1 Qxb5+ 25. Kg1 Ne2+ 26. Kh1 Nxc3 27. Bxc3 Rxc3
28. Qe4 Qc5 29. Nd4 Bf6 30. Nf3 Rc4 31. Qe2 Bxa1 32. Rxa1 Rc1+ 33. Rxc1 Qxc1+
34. Ng1 Rd8 35. f3 Rd2 36. Qe3 Qc2 37. Qe4 Rxg2 0-1

[Event "Druzynowe Mistrzostwa Polski Juniorow - II liga"]
[Site "Sypniewo k. Jastowia"]
[Date "2024-06-17"]
[Round "3.23"]
[White "Gajec, Roza"]
[Black "Michalska, Anna-maria"]
[Result "1/2-1/2"]
[WhiteTitle "I"]
[BlackTitle "I"]
[WhiteElo "1771"]
[BlackElo "1607"]

1. e4 c6 2. d4 d5 3. exd5 cxd5 4. Bd3 Nc6 5. c3 Qc7 6. Ne2 Bg4 7. h3 Bh5 8. O-O
e6 9. Qb3 Bd6 10. Be3 Nge7 11. Re1 O-O 12. Qc2 Bg6 13. Bxg6 Nxg6 14. Nd2 Rac8
15. Nf3 a6 16. Qd2 b5 17. Nc1 b4 18. Nb3 bxc3 19. bxc3 Na5 20. Nxa5 Qxa5 21. Rac1
Rc6 22. Qe2 Rfc8 23. g3 Qc7 24. Kg2 a5 25. Red1 Ba3 26. Rc2 Rxc3 27. Rxc3 Qxc3
28. Rd3 Qb4 29. Rb3 Qf8 30. Qd3 Bd6 31. Qb5 Bb4 32. Bd2 Rb8 33. Qa4 Bxd2 34. Nxd2
Rxb3 1/2-1/2

[Event "Druzynowe Mistrzostwa Polski Juniorow - II liga"]
[Site "Sypniewo k. Jastowia"]
[Date "2024-06-17"]
[Round "3.24"]
[White "Bartkowiak, Aleksandra"]
[Black "Gruszecka, Alicja"]
[Result "0-1"]
[WhiteTitle "II+"]
[BlackTitle "I"]
[WhiteElo "1574"]
[BlackElo "1719"]

1. e4 e5 2. Nf3 Nc6 3. d4 exd4 4. Nxd4 Nf6 5. Nc3 Bb4 6. Nxc6 bxc6 7. Bd3 d5 8.
exd5 cxd5 9. O-O O-O 10. Bg5 c6 11. Qf3 Bd6 12. Rfe1 Be6 13. h3 Re8 14. Rad1 Rb8
15. Rb1 h6 16. Bxf6 Qxf6 17. Qxf6 gxf6 18. Ne2 c5 19. Ng3 Red8 20. Bf5 Bxg3 21.
Bxe6 fxe6 22. fxg3 e5 23. b3 Kg7 24. Rbd1 Rb6 25. Re2 Rbd6 26. Red2 f5 27. Kf2
e4 28. Ke3 d4+ 29. Kf4 Kf6 30. g4 e3 31. Re2 fxg4 32. hxg4 Kg6 33. c3 Re6 34.
b4 d3 35. Ree1 Rf8+ 36. Kg3 e2 37. Rxd3 Rf1 38. Rxe2 Rxe2 39. bxc5 Rf6 40. a4
Re5 41. Rd7 Rxc5 42. Rxa7 Rxc3+ 43. Kh2 Rcc6 0-1

[Event "Druzynowe Mistrzostwa Polski Juniorow - II liga"]
[Site "Sypniewo k. Jastowia"]
[Date "2024-06-17"]
[Round "3.25"]
[White "Stepinski, Piotr"]
[Black "Lochinski, Pawel"]
[Result "1/2-1/2"]
[WhiteTitle "I+"]
[BlackTitle "I"]
[WhiteElo "1925"]
[BlackElo "1857"]

1. e4 c5 2. Nf3 d6 3. Bb5+ Nd7 4. d4 cxd4 5. Nxd4 Ngf6 6. Bd3 Nc5 7. Qe2 g6 8.
Nb3 Nxd3+ 9. cxd3 Bg7 10. O-O O-O 11. Nc3 e5 12. Bg5 Be6 13. d4 h6 14. dxe5 hxg5
15. exf6 Bxf6 16. Rfd1 Be5 17. Nd4 Qf6 18. Nf3 Bxc3 19. bxc3 Bg4 20. h3 Bxf3 21.
Qxf3 Qxf3 22. gxf3 Rfc8 23. Rd3 Rc6 24. Rb1 b6 25. Kg2 f6 26. Kg3 Kf7 27. f4 gxf4+
28. Kxf4 Rh8 29. Rb4 Rh5 30. Ra4 a5 31. Rad4 Ke6 32. Kg3 Rhc5 33. f4 b5 34. a3
Rxc3 35. Rxd6+ Rxd6 36. Rxc3 b4 37. axb4 axb4 38. Rb3 Rd4 39. Kf3 Kd6 40. Ke3
Kc5 41. Rb1 Rc4 42. Rg1 b3 43. Kd3 Kb4 44. e5 Rc6 45. Kd4 b2 46. Rb1 Kb3 47. Kd5
Rc1 48. Rxb2+ Kxb2 49. exf6 Rc8 50. Ke6 Kc3 51. f7 Kd4 52. f5 gxf5 53. Kf6 Rc6+
54. Kg7 Rc7 55. Kg8 Rc8+ 56. f8=Q Rxf8+ 57. Kxf8 Ke5 58. h4 1/2-1/2